Bộ đề thi lịch sử

محفوظ في:
التفاصيل البيبلوغرافية
المؤلف الرئيسي: Nguyễn, Văn Trí
التنسيق: كتاب
منشور في: Hà Nội Đại học quốc gia
الموضوعات:
الوسوم: إضافة وسم
لا توجد وسوم, كن أول من يضع وسما على هذه التسجيلة!
Thư viện lưu trữ: Trung tâm Học liệu Lê Vũ Hùng, Trường Đại học Đồng Tháp
LEADER 00619pam a22002058a 4500
001 00043430
005 20181213141225.0
008 110422s1999 ||||||Viesd
020 # # |c 32000 
041 0 # |a Vie 
082 1 4 |a 907  |b B450Đ 
100 0 # |a Nguyễn, Văn Trí 
245 0 0 |a Bộ đề thi lịch sử  |c Nguyễn Văn Trí 
260 # # |a Hà Nội  |b Đại học quốc gia 
300 # # |a 189 tr.  |c 24 cm. 
653 # # |a Lịch sử 
653 # # |a bộ đề 
852 # # |j KD.0024427 
910 # # |d 13/12/2018 
980 # # |a Trung tâm Học liệu Lê Vũ Hùng, Trường Đại học Đồng Tháp